[Event "GER-ch U12"]
[Site "Willingen"]
[Date "2003.06.14"]
[Round "11"]
[White "Yao, Kelvin"]
[Black "Fischer, Benjamin"]
[Result "0-1"]
[WhiteElo "1426"]
[BlackElo "1591"]
[PlyCount "130"]
[EventDate "2003.06.08"]
[EventType "swiss"]
[EventRounds "11"]
[EventCountry "GER"]
[SourceTitle "CBM 094 Extra"]
[Source "ChessBase"]
[SourceDate "2003.07.09"]
[SourceVersion "2"]
[SourceVersionDate "2003.07.09"]
[SourceQuality "1"]

1. d4 d5 2. c4 e6 3. Nc3 Nf6 4. cxd5 exd5 5. Bg5 Be7 6. e3 0-0 7. Bd3 c6 8. Nge2 Nbd7 9. Qc2 Re8 10. h3 Nf8 11. g4 Ne4 12. Bxe7 Qxe7 13. Nf4 Ng6 14. Ncxd5 cxd5 15. Nxd5 Qh4 16. Bxe4 Rb8 17. 0-0-0 Be6 18. Kb1 Rbc8 19. Qe2 Qd8 20. Nc3 Bc4 21. Qf3 Qb6 22. Bd5 Bxd5 23. Nxd5 Qd6 24. Nc3 Re6 25. Qf5 Rce8 26. Rc1 Rf6 27. Qd5 Qxd5 28. Nxd5 Rxf2 29. Rhd1 Rf3 30. Rc7 Rb8 31. Rdc1 h6 32. Ne7+ Nxe7 33. Rxe7 Rxh3 34. d5 Rd8 35. Rd1 Kf8 36. Rc7 Rxe3 37. d6 Re6 38. d7 Ke7 39. Rxb7 a6 40. b4 Rd6 41. Rxd6 Kxd6 42. Rb6+ Kxd7 43. Rxa6 Rc8 44. Ra3 Rc4 45. Rb3 Rxg4 46. a4 Kc6 47. Kc2 h5 48. Rc3+ Kb6 49. Kb3 h4 50. a5+ Kb7 51. Ka4 Rg3 52. Rc5 h3 53. Rb5+ Ka7 54. Rh5 g5 55. Rh7 Rf3 56. b5 g4 57. b6+ Ka6 58. Rh8 Rf4+ 59. Ka3 Kxa5 60. b7 Ra4+ 61. Kb3 Rb4+ 62. Kc3 Rxb7 63. Kd3 Re7 64. Rh5+ Kb6 65. Rh6+ Kb7 0-1

[Event "GER-ch U12"]
[Site "Willingen"]
[Date "2003.06.13"]
[Round "10"]
[White "Reipschlaeger, Tom"]
[Black "Yao, Kelvin"]
[Result "0-1"]
[WhiteElo "1099"]
[BlackElo "1426"]
[PlyCount "92"]
[EventDate "2003.06.08"]
[EventType "swiss"]
[EventRounds "11"]
[EventCountry "GER"]
[SourceTitle "CBM 094 Extra"]
[Source "ChessBase"]
[SourceDate "2003.07.09"]
[SourceVersion "2"]
[SourceVersionDate "2003.07.09"]
[SourceQuality "1"]

1. d4 d5 2. e3 Nf6 3. c4 c6 4. b3 Bf5 5. Nf3 Nbd7 6. Be2 e6 7. 0-0 Bd6 8. Bb2 0-0 9. Ne5 Qc7 10. Nxd7 Bxh2+ 11. Kh1 Nxd7 12. g3 Bxg3 13. fxg3 Qxg3 14. Bf3 Nf6 15. Qe2 Ne4 16. Qh2 Bh3 17. Bxe4 Qxh2+ 18. Kxh2 Bxf1 19. Bf3 Bd3 20. Nd2 f5 21. Rg1 Rf6 22. Rg3 Rh6+ 23. Kg2 Rf8 24. Nf1 Rff6 25. Bc1 Rfg6 26. Rxg6 Rxg6+ 27. Kf2 Rf6 28. c5 g6 29. Bg2 h5 30. Nd2 g5 31. e4 fxe4+ 32. Kg3 e3 33. Nf3 e2 34. Bd2 g4 35. Ne1 Bb1 36. a4 Ba2 37. b4 Bc4 38. a5 Kg7 39. Bg5 Rf1 40. Bd2 Kg6 41. Bc3 Rf7 42. Bd2 Rh7 43. Kf4 Ba2 44. Kg3 Kf5 45. Bf4 h4+ 46. Kf2 Kxf4 0-1

[Event "GER-ch U10"]
[Site "Winterberg"]
[Date "2002.05.22"]
[Round "7"]
[White "Oltzen, Samuel David"]
[Black "Yao, Kelvin"]
[Result "1-0"]
[WhiteElo "1311"]
[BlackElo "1166"]
[PlyCount "57"]
[EventDate "2002.05.19"]
[EventType "swiss"]
[EventRounds "11"]
[EventCountry "GER"]
[SourceTitle "CBM 088 Extra"]
[Source "ChessBase"]
[SourceDate "2002.07.01"]
[SourceVersion "2"]
[SourceVersionDate "2002.07.01"]
[SourceQuality "1"]

1. e4 c6 2. d4 d5 3. exd5 cxd5 4. Bd3 Nf6 5. c3 Nc6 6. Bf4 g6 7. h3 Bg7 8. Nf3 0-0 9. 0-0 Qb6 10. Qd2 Bd7 11. Qc2 Rac8 12. Nbd2 Nb4 13. Qb1 Nxd3 14. Qxd3 Bb5 15. Qc2 Bxf1 16. Rxf1 e6 17. Ne5 Qxd4 18. g3 Nh5 19. Ndf3 Nxf4 20. Nxd4 Nxh3+ 21. Kg2 Bxe5 22. Nf3 Bd6 23. Kxh3 f5 24. Re1 Rce8 25. Qb3 b6 26. c4 f4 27. Kg2 fxg3 28. fxg3 Rf5 29. cxd5 1-0

[Event "GER-ch U10"]
[Site "Winterberg"]
[Date "2002.05.21"]
[Round "6"]
[White "Yao, Kelvin"]
[Black "Strathoff, Jens"]
[Result "1-0"]
[WhiteElo "1166"]
[BlackElo "1321"]
[PlyCount "165"]
[EventDate "2002.05.19"]
[EventType "swiss"]
[EventRounds "11"]
[EventCountry "GER"]
[SourceTitle "CBM 088 Extra"]
[Source "ChessBase"]
[SourceDate "2002.07.01"]
[SourceVersion "2"]
[SourceVersionDate "2002.07.01"]
[SourceQuality "1"]

1. d4 d5 2. c4 e6 3. g3 Nf6 4. Nf3 c6 5. Bg2 Nbd7 6. 0-0 Be7 7. Bf4 0-0 8. Nbd2 Re8 9. Re1 Bb4 10. a3 Ba5 11. b4 Bc7 12. Bg5 h6 13. Bxf6 Nxf6 14. c5 e5 15. dxe5 Bxe5 16. Nxe5 Rxe5 17. e4 dxe4 18. Nxe4 Qxd1 19. Raxd1 Nxe4 20. Bxe4 Kf8 21. f4 Re8 22. Bf3 Rb8 23. Kf2 Be6 24. Re3 Re7 25. Rde1 Rbe8 26. R1e2 Bc4 27. Rxe7 Rxe7 28. Rxe7 Kxe7 29. Ke3 Ke6 30. Kd4 Bb5 31. Bg4+ f5 32. Bf3 g5 33. fxg5 hxg5 34. h4 Kf6 35. h5 g4 36. Bd1 f4 37. gxf4 g3 38. Ke3 g2 39. Kf2 Bf1 40. Bf3 Kf5 41. Bxg2 Bd3 42. Kg3 Bc2 43. Bh3+ Kf6 44. Kg4 Bd1+ 45. Kh4 b6 46. Bg4 Bc2 47. Bd7 bxc5 48. bxc5 Be4 49. Kg4 a5 50. f5 Bd5 51. h6 Be4 52. Kh4 Bf3 53. Be8 Be4 54. Bg6 Bd5 55. h7 Kg7 56. f6+ Kh8 57. f7 Bxf7 58. Bxf7 Kxh7 59. Be8 Kg7 60. Kg5 Kf8 61. Kf6 Kxe8 62. Ke6 Kd8 63. Kd6 a4 64. Kxc6 Kc8 65. Kb6 Kb8 66. c6 Kc8 67. c7 Kd7 68. Kb7 Kd6 69. c8Q Kd5 70. Qc6+ Kd4 71. Kb6 Ke5 72. Qd7 Ke4 73. Qd6 Kf5 74. Qe7 Kf4 75. Qe6 Kf3 76. Qe5 Kg2 77. Qf4 Kh1 78. Qg4 Kh2 79. Kc5 Kh1 80. Kd4 Kh2 81. Ke3 Kh1 82. Kf2 Kh2 83. Qg2# 1-0

[Event "GER-ch U10"]
[Site "Winterberg"]
[Date "2002.05.20"]
[Round "3"]
[White "Mousa Kazemi, Hamed"]
[Black "Yao, Kelvin"]
[Result "0-1"]
[WhiteElo "835"]
[BlackElo "1166"]
[PlyCount "82"]
[EventDate "2002.05.19"]
[EventType "swiss"]
[EventRounds "11"]
[EventCountry "GER"]
[SourceTitle "CBM 088 Extra"]
[Source "ChessBase"]
[SourceDate "2002.07.01"]
[SourceVersion "2"]
[SourceVersionDate "2002.07.01"]
[SourceQuality "1"]

1. e4 e6 2. d4 d5 3. e5 c5 4. Nf3 Nc6 5. Be3 Bd7 6. dxc5 Nge7 7. Bd3 Nb4 8. c3 Nxd3+ 9. Qxd3 Nf5 10. Bd4 Rc8 11. b4 a5 12. a3 Nxd4 13. cxd4 f6 14. Nbd2 Ra8 15. 0-0 Be7 16. Nb3 a4 17. Na5 b6 18. cxb6 Qxb6 19. h3 Bb5 20. Qe3 Bxf1 21. Rxf1 0-0 22. Rc1 Rac8 23. Rf1 Rc2 24. exf6 Bxf6 25. Qd3 Rfc8 26. Qe3 R8c3 27. Qf4 Rxa3 28. Re1 Qxb4 29. Rxe6 Qxa5 30. Re8+ Kf7 31. Rh8 Ra1+ 32. Kh2 Qc7 33. Ng5+ Kg6 34. Qg3 Qxg3+ 35. fxg3 Bxg5 36. h4 Rcc1 37. Kh3 h5 38. g4 Ra3+ 39. Kh2 Bf4+ 40. g3 Rc2+ 41. Kh3 Rxg3# 0-1

[Event "GER-ch U10"]
[Site "Winterberg"]
[Date "2002.05.20"]
[Round "4"]
[White "Yao, Kelvin"]
[Black "Frey, Alisa"]
[Result "1-0"]
[WhiteElo "1166"]
[BlackElo "920"]
[PlyCount "99"]
[EventDate "2002.05.19"]
[EventType "swiss"]
[EventRounds "11"]
[EventCountry "GER"]
[SourceTitle "CBM 088 Extra"]
[Source "ChessBase"]
[SourceDate "2002.07.01"]
[SourceVersion "2"]
[SourceVersionDate "2002.07.01"]
[SourceQuality "1"]

1. d4 d5 2. c4 e6 3. g3 Nf6 4. Bg2 Bb4+ 5. Bd2 Bxd2+ 6. Nxd2 Nc6 7. Ngf3 0-0 8. 0-0 a6 9. a4 Re8 10. e3 e5 11. cxd5 Nxd5 12. dxe5 Nxe5 13. Nxe5 Rxe5 14. Nc4 Re8 15. Qxd5 Qxd5 16. Bxd5 Bh3 17. Bxb7 Bxf1 18. Kxf1 Rab8 19. Bxa6 Re6 20. Bb5 c6 21. Ba6 c5 22. Bb5 Kf8 23. Nd2 Rd6 24. Nf3 Ke7 25. Rc1 Rc8 26. b4 Rd5 27. Be2 Kd6 28. b5 Kc7 29. e4 Rdd8 30. Rxc5+ Kb6 31. Rxc8 Rxc8 32. Ke1 Rc1+ 33. Kd2 Ra1 34. Bd1 Ra2+ 35. Bc2 Ka5 36. Ne5 f6 37. Nc4+ Kb4 38. Kd3 h6 39. b6 Kc5 40. b7 Kc6 41. b8Q Ra1 42. Qb5+ Kc7 43. Qb6+ Kd7 44. Qd6+ Ke8 45. e5 Kf7 46. a5 Kg6 47. Ke3+ Kf7 48. e6+ Ke8 49. Qd7+ Kf8 50. Qf7# 1-0